History Quiz

Random History or War Quiz

Danish Military regiments by hint Quiz Stats

 Plays Quiz not verified by Sporcle

Challenge
Share
Tweet
Embed
Score 0/8 Timer 04:00
0 Plays Today
Motto Regiment % Correct
In Actis Esto VolucrisGardehusarregimentet
75%
Fortes Fortuna JuvatJydske Dragonregiment
62.5%
Stærk Og SejDANILOG
62.5%
Officirum Et SupraDanske Artilleriregiment
50%
Sustaining VictoryTrænregimentet
37.5%
Pro Rege Et GregeLivgarderne
37.5%
Celeriter Et SecureTelegrafregimentet
25%
Contendere Atque AuxiliarIngenniørregimentet
12.5%

You're not logged in!

Compare scores with friends on all Sporcle quizzes.
OR
Log In

You Might Also Like...

Show Comments

Extras

Top Quizzes Today


Score Distribution

Your Account Isn't Verified!

In order to create a playlist on Sporcle, you need to verify the email address you used during registration. Go to your Sporcle Settings to finish the process.

Report this User

Report this user for behavior that violates our Community Guidelines.

Details: